Văn học Phương Tây
Nội dung của sách được chia làm 6 phần: * Văn học cổ Hy Lạp. * Văn học thời phục hưng. * Văn học Pháp thế kỷ XVII. * Văn học thế kỷ XVIII. * Văn học thế kỷ XIX. * Văn học thế kỷ XX
Uloženo v:
| Médium: | Kniha |
|---|---|
| Jazyk: | Undetermined |
| Vydáno: |
Hà Nội
Giáo Dục
2004
|
| Témata: | |
| Tagy: |
Přidat tag
Žádné tagy, Buďte první, kdo otaguje tento záznam!
|
| Thư viện lưu trữ: | Trung tâm Học liệu Trường Đại học Cần Thơ |
|---|
| LEADER | 00834nam a2200217Ia 4500 | ||
|---|---|---|---|
| 001 | CTU_73911 | ||
| 008 | 210402s9999 xx 000 0 und d | ||
| 020 | |b 70000 | ||
| 020 | |c 90000 | ||
| 082 | |a 809.894 | ||
| 082 | |b V115 | ||
| 245 | 0 | |a Văn học Phương Tây | |
| 245 | 0 | |c Đặng Anh Đào ... [et al.] | |
| 260 | |a Hà Nội | ||
| 260 | |b Giáo Dục | ||
| 260 | |c 2004 | ||
| 520 | |a Nội dung của sách được chia làm 6 phần: * Văn học cổ Hy Lạp. * Văn học thời phục hưng. * Văn học Pháp thế kỷ XVII. * Văn học thế kỷ XVIII. * Văn học thế kỷ XIX. * Văn học thế kỷ XX | ||
| 650 | |a European literature | ||
| 650 | |x History and criticism | ||
| 904 | |i Mai Loan,QHieu | ||
| 980 | |a Trung tâm Học liệu Trường Đại học Cần Thơ | ||